Platts v TSB Bank plc (Record no. 53162)

MARC details
000 -LEADER
fixed length control field 01009cab a2200217 4500
001 - CONTROL NUMBER
control field X90129
008 - FIXED-LENGTH DATA ELEMENTS--GENERAL INFORMATION
fixed length control field 090401t1998 xxu||||| |||| 00| 0 eng d
035 ## - SYSTEM CONTROL NUMBER
System control number (Sirsi) u84579
041 ## - LANGUAGE CODE
Language code of text/sound track or separate title eng
245 ## - TITLE STATEMENT
Title Platts v TSB Bank plc
260 ## - PUBLICATION, DISTRIBUTION, ETC.
Date of publication, distribution, etc. 1998
350 ## - PRICE (NR) (BK AM CF MU VM SE) [OBSOLETE]
Price 0
490 ## - SERIES STATEMENT
Series statement New Property Cases
Volume/sequential designation [1998] NPC 23(3)
520 ## - SUMMARY, ETC.
Summary, etc. CA 13 February 1998. Where receivers are challenged as to the price they can recover on the proposed sale of security, they act with skill and proprietary. Insolvency - bankruptcy - banking - statutory demand - equitable set-off - debtor had cross-claim against bank - whether equitable set-off of cross-claim meant that bank`s debt was disputed and unliquidated - Insolvency Act 1986 ss267(2), 268(1), 271(1) - Insolvency Rules 1986 r 65. HEADNOTE FROM JOURNAL - DO NOT PHOTOCOPY.
650 ## - SUBJECT ADDED ENTRY--TOPICAL TERM
Topical term or geographic name entry element INSOLVENCY ACT 1986
650 ## - SUBJECT ADDED ENTRY--TOPICAL TERM
Topical term or geographic name entry element PLATTS V TSB BANK PLC
650 ## - SUBJECT ADDED ENTRY--TOPICAL TERM
Topical term or geographic name entry element STATUTORY DEMAND
690 ## - LOCAL SUBJECT ADDED ENTRY--TOPICAL TERM (OCLC, RLIN)
Topical term or geographic name as entry element PROPERTY LAW AND PRACTICE-CASE LAW
942 ## - ADDED ENTRY ELEMENTS (KOHA)
Suppress in OPAC 0
948 ## - LOCAL PROCESSING INFORMATION (OCLC); SERIES PART DESIGNATOR (RLIN)
c (OCLC) 27/02/1998
Holdings
Withdrawn status Lost status Source of classification or shelving scheme Damaged status Not for loan Home library Current library Shelving location Date acquired Total Checkouts Full call number Barcode Date last seen Copy number Price effective from Koha item type
    Dewey Decimal Classification     London London Journal article 14/09/1999   X90129 84579-1001 06/08/2019 1 06/08/2019 Law report